| 000 | 01159nam a22003017a 4500 | ||
|---|---|---|---|
| 005 | 20080929101452.0 | ||
| 008 | 080929t xxu||||| |||| 00| 0chin d | ||
| 010 | _aHIN-92182 | ||
| 020 |
_a8188381551 _c300.00 |
||
| 035 | _aHN-64528 | ||
| 037 | _bDBAD / PUB | ||
| 040 |
_aDPL _bHN |
||
| 082 | _aक | ||
| 100 |
_926640 _aभारती, राकेश |
||
| 245 |
_aऐतिहासिक कहानियाँ / _cराकेश भारती |
||
| 246 |
_aAiatihasik Kahaniyan _bby Rakesh Bharti |
||
| 260 |
_aदिल्ली _bनीरज बुक सेंटर _c2010 |
||
| 270 |
_aसी-32, आर्यानगर सोसायटी _bदिल्ली _e110092 _k22756734 |
||
| 300 |
_a176पृ. _c22सेमी (सजिल्द) |
||
| 650 |
_9697 _aलघु कथाएँ, हिन्दी |
||
| 650 |
_926793 _aHindi Fiction |
||
| 650 | _926674 | ||
| 650 | _9698 | ||
| 700 | _926643 | ||
| 710 | _926662 | ||
| 942 |
_2ddc _cHN _hक _mभारती |
||
| 999 |
_c51270 _d51270 |
||